Religion Quiz

Random Religion or Blitz Quiz

Match 'Em Up Blitz - Greek Mythology Quiz Stats

 Plays Quiz Updated May 21, 2014

Score 0/40 Timer 07:00
2 Plays Today
Hint Answer % Correct
TOPIC 8COMPARISONS
100%
TOPIC 16GREEK
99.9%
TOPIC 24ROMAN
99.9%
TOPIC 23WIFE
77.6%
TOPIC 15HUSBAND
77.6%
TOPIC 7CONSORTS
77%
TOPIC 32COMPARISONS COMPLETE
76.9%
TOPIC 40CONSORTS UNLOCKED
76.8%
TOPIC 12MONSTER
74.4%
TOPIC 4MONSTERS
74.1%
TOPIC 20NAME
74.1%
TOPIC 29HEROES COMPLETE
74%
TOPIC 37MONSTERS UNLOCKED
74%
TOPIC 22TITAN
74%
TOPIC 14REALM
72.9%
TOPIC 6REALMS
72.7%
TOPIC 31CONSORTS COMPLETE
72.6%
TOPIC 39REALMS UNLOCKED
72.4%
TOPIC 13HERO
71.1%
TOPIC 5HEROES
69.7%
Hint Answer % Correct
TOPIC 21ACCOMPLISHMENT
69.3%
TOPIC 30REALMS COMPLETE
69.1%
TOPIC 38HEROES UNLOCKED
69.1%
TOPIC 19AUTHOR
56%
TOPIC 11LITERARY WORK
55.8%
TOPIC 3LITERARY WORKS
55.7%
TOPIC 28MONSTERS COMPLETE
55.7%
TOPIC 36LITERARY WORKS UNLOCKED
55.5%
TOPIC 10MOTHER
39.6%
TOPIC 18CHILD
39.4%
TOPIC 2MOTHERS
38.7%
TOPIC 35MOTHERS UNLOCKED
38.3%
TOPIC 27LITERARY WORKS COMPLETE
38.3%
TOPIC 9KING
24.1%
TOPIC 1KINGS
23.3%
TOPIC 17KINGDOM
23.2%
TOPIC 26MOTHERS COMPLETE
22.5%
TOPIC 34KINGS UNLOCKED
22.5%
TOPIC 25KINGS COMPLETE
10.8%
TOPIC 33WELL DONE
10.8%

You're not logged in!

Compare scores with friends on all Sporcle quizzes.
OR
Log In

Show Comments

Extras

Top Quizzes Today


Score Distribution

Your Account Isn't Verified!

In order to create a playlist on Sporcle, you need to verify the email address you used during registration. Go to your Sporcle Settings to finish the process.

Report this User

Report this user for behavior that violates our Community Guidelines.

Details: